000 00383nmm a2200145Ia 4500
008 251105s9999||||xx |||||||||||||||||und||
041 _aspa
100 _aMartin, Kat
245 0 _aDulce prisionera
264 _a[Madrid, España] :
_bEdiciones B,
_c2014
300 _a480 páginas
650 _aRomance
856 _uhttps://public.digitaliapublishing.com/a/52896
942 _cCF
999 _c105152
_d105152